Sanidad de la vid /
Guardado en:
| Otros Autores: | |
|---|---|
| Formato: | Libro |
| Idioma: | Spanish |
| Publicado: |
Luján de Cuyo :
INTA Centro Regional Cuyo,
1994.
|
| Series: | Agro de Cuyo Manuales ;
nº 8 |
| Etiquetas: |
Agregar Etiqueta
Sin Etiquetas, Sea el primero en etiquetar este registro!
|
| LEADER | 00511nam a22001575a 4500 | ||
|---|---|---|---|
| 001 | EEA.libagro008178 | ||
| 005 | 20161020130236.0 | ||
| 008 | 130809s1994####ag#a##########000#0#spa#d | ||
| 022 | |a 0327-3377 | ||
| 082 | 0 | 4 | |a 634.82 |
| 245 | 0 | 0 | |a Sanidad de la vid / |c Humberto R. Galmarini. |
| 260 | |a Luján de Cuyo : |b INTA Centro Regional Cuyo, |c 1994. | ||
| 300 | |a 24 p. : |b fot. col ; |c 28 cm. | ||
| 490 | 1 | |a Agro de Cuyo Manuales ; |v nº 8 | |
| 700 | 1 | |a Galmarini, Humberto R. | |
| 859 | |a AR-BbBCA |b BIB. AGRONOMIA |h 634.82 |i G186 |p 2009/5567 | ||
